Landscape Record : Brownfield Redevelopment And Landscape Design (Record no. 16434)
[ view plain ]
| 000 -LEADER | |
|---|---|
| fixed length control field | 00451nam a2200157Ia 4500 |
| 008 - FIXED-LENGTH DATA ELEMENTS--GENERAL INFORMATION | |
| fixed length control field | 220803s9999 xx 000 0 und d |
| 020 ## - INTERNATIONAL STANDARD BOOK NUMBER | |
| International Standard Book Number | 9789881296818 |
| 041 ## - LANGUAGE CODE | |
| Language code of text/sound track or separate title | eng |
| 082 ## - DEWEY DECIMAL CLASSIFICATION NUMBER | |
| Classification number | 712 STO |
| 100 ## - MAIN ENTRY--PERSONAL NAME | |
| Personal name | Stone W Ed. |
| 9 (RLIN) | 25670 |
| 245 ## - TITLE STATEMENT | |
| Title | Landscape Record : Brownfield Redevelopment And Landscape Design |
| 260 ## - PUBLICATION, DISTRIBUTION, ETC. (IMPRINT) | |
| Place of publication, distribution, etc. | china |
| Name of publisher, distributor, etc. | Hexiaooquiang Landscape Design Co. |
| Date of publication, distribution, etc. | 2014 |
| 300 ## - PHYSICAL DESCRIPTION | |
| Extent | 128p |
| 500 ## - GENERAL NOTE | |
| Keywords | LANDS |
| 650 ## - SUBJECT ADDED ENTRY--TOPICAL TERM | |
| Topical term or geographic name as entry element | Landscape Architecture |
| 9 (RLIN) | 25671 |
| Withdrawn status | Lost status | Damaged status | Not for loan | Home library | Current library | Date acquired | Vendor | Cost, normal purchase price | Total Checkouts | Total Renewals | Full call number | Barcode | Date last seen | Date last checked out | Cost, replacement price | Bill Date | Koha item type | Original Barcode | Collection code | Shelving location |
|---|---|---|---|---|---|---|---|---|---|---|---|---|---|---|---|---|---|---|---|---|
| Dr. Bhanuben Nanavati College of Architecture | Dr. Bhanuben Nanavati College of Architecture | 09/02/2017 | Suyog Enterprises | 419.36 | 2 | 1 | 712 STO | BNCA-BK-10140 | 20/10/2023 | 06/10/2023 | 616.70 | 24/01/2017 | Books | B10140 | ||||||
| Dr. Bhanuben Nanavati College of Architecture | Dr. Bhanuben Nanavati College of Architecture | 07/08/2018 | Word Book Shop | 760.00 | 712 STO | BNCA-BK-10630 | 03/08/2022 | 795.00 | 02/08/2018 | Books | B10630 | Book M arch LA |